Fractal calculus and its applications : (Record no. 49746)

MARC details
000 -LEADER
fixed length control field 02147cam a2200385Ma 4500
003 - CONTROL NUMBER IDENTIFIER
control field WSP
005 - DATE AND TIME OF LATEST TRANSACTION
control field 20260416153410.0
008 - FIXED-LENGTH DATA ELEMENTS--GENERAL INFORMATION
fixed length control field 220921s2022 si o 001 0 eng d
020 ## - INTERNATIONAL STANDARD BOOK NUMBER
International Standard Book Number 9789811261114
-- (ebook)
020 ## - INTERNATIONAL STANDARD BOOK NUMBER
International Standard Book Number 9811261113
-- (ebook)
020 ## - INTERNATIONAL STANDARD BOOK NUMBER
International Standard Book Number 9789811261107
-- (hbk.)
020 ## - INTERNATIONAL STANDARD BOOK NUMBER
International Standard Book Number 9811261105
-- (hbk.)
072 #7 - SUBJECT CATEGORY CODE
Subject category code MAT
Subject category code subdivision 034000
Source bisacsh
072 #7 - SUBJECT CATEGORY CODE
Subject category code MAT
Subject category code subdivision 007010
Source bisacsh
072 #7 - SUBJECT CATEGORY CODE
Subject category code MAT
Subject category code subdivision 003000
Source bisacsh
082 04 - DEWEY DECIMAL CLASSIFICATION NUMBER
Classification number 514.742
Edition number 21
049 ## - LOCAL HOLDINGS (OCLC)
Holding library MAIN
100 1# - MAIN ENTRY--PERSONAL NAME
Personal name Golmankhaneh, Alireza Khalili.
245 10 - TITLE STATEMENT
Title Fractal calculus and its applications :
Remainder of title F alpha-calculus /
Statement of responsibility, etc Alireza Khalili Golmankhaneh.
260 ## - PUBLICATION, DISTRIBUTION, ETC. (IMPRINT)
Place of publication, distribution, etc Singapore :
Name of publisher, distributor, etc World Scientific,
Date of publication, distribution, etc 2022.
300 ## - PHYSICAL DESCRIPTION
Extent 1 online resource (328 p.)
505 0# - FORMATTED CONTENTS NOTE
Contents Preface -- Introduction to analysis of fractals -- Basic tools -- Fractal cantor like sets -- Fractal calculus -- Local fractal differential equations -- Stability of fractal differential equations -- Generalization of fractal calculus -- Applications of fractal calculus - Appendix - Bibliography - Index.
520 ## - SUMMARY, ETC.
Summary, etc "Fractal calculus is the simple, constructive, and algorithmic approach to natural processes modeling, which is impossible using smooth differentiable structures and the usual modeling tools such as differential equations. It is the calculus of the future and will have many applications. This book is the first to introduce fractal calculus and provides a basis for the research and development of this framework. It is suitable for undergraduate and graduate students in mathematics and physics who have mastered general mathematics, quantum physics, and statistical mechanics, as well as researchers dealing with fractal structures in various disciplines"--
650 #0 - SUBJECT ADDED ENTRY--TOPICAL TERM
Topical term or geographic name as entry element Fractals.
856 40 - ELECTRONIC LOCATION AND ACCESS
Uniform Resource Identifier <a href="https://www.worldscientific.com/worldscibooks/10.1142/12988#t=toc">https://www.worldscientific.com/worldscibooks/10.1142/12988#t=toc</a>
942 ## - ADDED ENTRY ELEMENTS (KOHA)
Koha item type Electronic Books
520 ## - SUMMARY, ETC.
-- Publisher's website.
538 ## - SYSTEM DETAILS NOTE
System details note Mode of access: World Wide Web.
538 ## - SYSTEM DETAILS NOTE
System details note System requirements: Adobe Acrobat reader.
655 #0 - INDEX TERM--GENRE/FORM
Genre/form data or focus term Electronic books.
Holdings
Withdrawn status Lost status Source of classification or shelving scheme Damaged status Not for loan Home library Location Date of Cataloging Total Checkouts Full call number Barcode Date last seen Uniform Resource Identifier Price effective from Koha item type
    Dewey Decimal Classification     CUTN Central Library CUTN Central Library 16/04/2026   514.742 EB04960 16/04/2026 https://doi.org/10.1142/12988 16/04/2026 Electronic Books